|
|
|
|
| LEADER |
01526nam a2200325 i 4500 |
| 001 |
29810 |
| 003 |
BD-DhAAL |
| 005 |
20150827122136.0 |
| 008 |
150827s2015 enka b 001 0 eng |
| 010 |
|
|
|a 2014030512
|
| 020 |
|
|
|a 9781118732298 (pbk.)
|
| 040 |
|
|
|a DLC
|b eng
|c DLC
|e rda
|d DLC
|d BD-DhAAL
|
| 042 |
|
|
|a pcc
|
| 050 |
0 |
0 |
|a P40
|b .W27 2015
|
| 082 |
0 |
0 |
|a 306.44
|2 23
|
| 100 |
1 |
|
|a Wardhaugh, Ronald.
|9 14240
|
| 245 |
1 |
3 |
|a An introduction to sociolinguistics /
|c Ronald Wardhaugh and Janet M. Fuller.
|
| 250 |
|
|
|a Seventh edition.
|
| 260 |
|
|
|a Chichester, West Sussex, UK ;
|a Malden, MA :
|b Wiley Blackwell,
|c c2015.
|
| 300 |
|
|
|a xii, 427 pages :
|b illustrations ;
|c 25 cm.
|
| 490 |
0 |
|
|a Blackwell textbooks in linguistics,
|v no. 4
|
| 504 |
|
|
|a Includes bibliographical references and index.
|
| 541 |
|
|
|e 29810
|
| 650 |
|
0 |
|a Sociolinguistics.
|9 6599
|
| 700 |
1 |
|
|a Fuller, Janet M.,
|d 1962-
|9 14241
|
| 776 |
0 |
8 |
|i Online version:
|a Wardhaugh, Ronald.
|t Introduction to sociolinguistics
|b Seventh edition.
|d [Hoboken, NJ] : John Wiley & Sons Inc., 2015
|z 9781118732205
|w (DLC) 2014030540
|
| 942 |
|
|
|2 ddc
|c BK
|
| 999 |
|
|
|c 35378
|d 35378
|
| 952 |
|
|
|0 0
|1 0
|2 ddc
|4 0
|6 306_440000000000000_WAR
|7 0
|9 55609
|a BRACUL
|b BRACUL
|c GEN
|d 2015-08-27
|e Karim International
|g 3200.00
|l 16
|m 176
|o 306.44 WAR
|p 3010029810
|r 2026-05-16
|s 2026-03-08
|t 1
|w 2015-08-27
|y BK
|
| 952 |
|
|
|0 0
|1 0
|2 ddc
|4 0
|6 306_440000000000000_WAR
|7 0
|9 55610
|a BRACUL
|b BRACUL
|c GEN
|d 2015-08-27
|e Karim International
|g 3200.00
|l 11
|m 67
|o 306.44 WAR
|p 3010029811
|r 2026-05-16
|s 2026-05-13
|t 2
|w 2015-08-27
|y BK
|